Ten Great Works of Philosophy : (Record no. 592257)

MARC details
000 -LEADER
fixed length control field 00482nam a2200193 a 4500
008 - FIXED-LENGTH DATA ELEMENTS--GENERAL INFORMATION
fixed length control field 251016s2002##################000#0#eng##
020 ## - INTERNATIONAL STANDARD BOOK NUMBER
ISBN 9780451528308
082 04 - DEWEY DECIMAL CLASSIFICATION NUMBER
Classification number 190
Item number WOL
100 1# - MAIN ENTRY--AUTHOR NAME
Personal name Various,
245 10 - TITLE STATEMENT
Title Ten Great Works of Philosophy :
260 ## - PUBLICATION, DISTRIBUTION, ETC. (IMPRINT)
Name of publisher Penguin,
Year of publication 2002.
300 ## - PHYSICAL DESCRIPTION
Number of Pages 596 pages
650 #0 - SUBJECT ADDED ENTRY--TOPICAL TERM
Topical Term Philosophy.
942 ## - ADDED ENTRY ELEMENTS (KOHA)
Koha item type English Books
Holdings
Withdrawn status Lost status Damaged status Not for loan Home library Current library Shelving location Date acquired Full call number Accession Number Price effective from Koha item type
        Anna Centenary Library Anna Centenary Library 3RD FLOOR, A WING 18.10.2025 190 WOL 390798 18.10.2025 English Books

Find us on the map